الكميت بن زيد : شاعر العصر المرواني وقصائده الهاشميات / al- Kumait ibn Zaid : šāʻir al-ʻaṣr al-marwānī wa-qaṣāʼidihi 'l-Hāšimīyāt

محفوظ في:

المؤلف الرئيسي: Abd al-Mutaʻāl as-Ṣaʻīdī.,.

التنسيق: كتاب

اللغة: Undetermined

منشور في: Cairo Dār al-Fikr alʻArabī, 1953

الوسوم: إضافة وسم

لا توجد وسوم, كن أول من يضع وسما على هذه التسجيلة!

رقم الطلب: A99 KUMAI

LEADER 00602nam a2200133Ia 4500
008 240404s9999||||xx |||||||||||||| ||und||
050 4 |a A99 KUMAI 
100 1 |a Abd al-Mutaʻāl as-Ṣaʻīdī.,. 
245 1 0 |a الكميت بن زيد : شاعر العصر المرواني وقصائده الهاشميات / al- Kumait ibn Zaid : šāʻir al-ʻaṣr al-marwānī wa-qaṣāʼidihi 'l-Hāšimīyāt   |c Abd al-Mutaʻāl as-Ṣaʻīdī., 
264 1 |a Cairo  |b Dār al-Fikr alʻArabī,  |c 1953 
300 |a 160  |c 22 
500 |a [Über den Dichter al-Kumait ibn Zaid al-Asadī, arab.]  
942 |2 lcc  |c BK 
999 |c 58026  |d 58026